Les noms d'oiseaux par lettres -M - Statistiques

Statistiques générales
  • Ce quiz a été pris 97 fois
  • Le résultat moyen est 19 sur 56
Statistiques - réponses
Par images Réponse % Correct
Manchot
99%
Merle
99%
Moineau
99%
Martin
96%
Mésange
96%
Mouette
92%
Macareux
91%
Martin-pêcheur
91%
Marabout
85%
Milan
82%
Martinet
76%
Martin-chasseur
59%
Mergule
50%
Mainate
49%
Messager-sagittaire
49%
Ménure
39%
Motmot
39%
Macagua
38%
Mango
38%
Marouette
38%
Merganette
38%
Macreuse
36%
Manakin
36%
Moqueur
36%
Moucherolle
36%
Microtyran
34%
Myrmidon
34%
Métallure
30%
Mérulaxe
28%
Merlebleu
27%
Mérion
19%
Mésangeai
14%
Micropsitte
14%
Monticole
14%
Microbate
9%
Maubèche
8%
Mégasittine
8%
Marmaronette
4%
Mésite
4%
Minivet
4%
Moinelette
4%
Monarque
4%
Malcoha
3%
Mégapode
3%
Méliphage
3%
Mino
3%
Miro
3%
Myzomèle
3%
Mégalure
1%
Mélanodère
1%
Microgoura
1%
Moisson
1%
Mahali
0%
Malimbe
0%
Manuméa
0%
Mignard
0%
Aucun quiz correspondant
Distribution des résultats
% des personnes avec chaque résultat
Percentile par nombre de réponses
Votre historique - résultats
Vous n’avez pas pris ce quiz